| 000 | 00787nam a2200229 a 4500 | ||
|---|---|---|---|
| 001 | 36070 | ||
| 003 | BD-RjUL | ||
| 005 | 20211209052429.0 | ||
| 008 | 190211s1953 pk a 000 0 eng | ||
| 035 | _a(BD-RjUL)36167 | ||
| 040 |
_aDLC _cTNJ _dDLC _dBD-RjUL _beng |
||
| 041 | _aeng | ||
| 082 |
_a338.9549 _bPAR 1953 _223 |
||
| 110 | 1 |
_aPakistan. _bMinistry of Economic Affairs. _9228084 |
|
| 245 | 1 | 0 |
_aReport of the Economic Appraisal Committee: . _bNovember, 1952 (Reviewed: February 1953) / _cPakistan. Ministry of Economic Affairs. |
| 260 |
_aKarachi : _bManager of Publications, _c1953. |
||
| 300 |
_avarious pagings ; _c27 cm. |
||
| 650 |
_aEconomic history. _9228085 |
||
| 650 |
_aEconomic policy. _9228086 |
||
| 651 |
_aPakistan _xEconomic policy _9228087 |
||
| 942 |
_2ddc _cRAR |
||
| 999 |
_c36070 _d36070 |
||